000 00304nam a2200121Ia 4500
008 190216s9999||||xx |||||||||||||| ||und||
100 _aHarley Granville Barker
245 0 _aPrefaces To Shakespeare
260 _bB T Batsford Ltd London
_c1963
300 _a333p
650 _aEnglish Drama
942 _cBK
999 _c12838
_d12838